书目信息 |
| 题名: |
《矛盾论》解说
|
|
| 作者: | 李达 著 | |
| 分册: | ||
| 出版信息: | 北京 三联书店 1978 |
|
| 页数: | 224页 | |
| 开本: | 19cm | |
| 丛书名: | ||
| 单 册: | ||
| 中图分类: | A841.23 , A841 | |
| 科图分类: | ||
| 主题词: | 毛泽东著作研究-矛盾论 , 哲学思想-毛泽东思想 , 毛泽东思想-哲学思想 , 毛泽东著作--学习 , 毛泽东著作研究 | |
| 电子资源: | ||
| ISBN: | ||
| 000 | 00854nam0 2200325 450 | |
| 001 | 0957378219 | |
| 005 | 20090928160536.31 | |
| 010 | @dCNY0.45 | |
| 091 | @a2002.1 | |
| 100 | @a19950712d1978 em y0chiy0110 ea | |
| 101 | 0 | @achi |
| 102 | @aCN@b110000 | |
| 105 | @ay z 000yy | |
| 106 | @ar | |
| 200 | 1 | @a《矛盾论》解说@Amao dun lun jie shuo@f李达著 |
| 205 | @a2版 | |
| 210 | @a北京@c三联书店@d1978 | |
| 215 | @a224页@d19cm | |
| 517 | 1 | @a矛盾论解说@Amao dun lun jie shuo |
| 605 | @a矛盾论@x毛泽东著作研究 | |
| 606 | 0 | @a毛泽东著作研究-矛盾论 |
| 606 | 0 | @a哲学思想-毛泽东思想 |
| 606 | 0 | @a毛泽东思想-哲学思想 |
| 606 | 0 | @a毛泽东著作@x学习 |
| 606 | 0 | @a毛泽东著作研究 |
| 690 | @aA841.23@v3 | |
| 690 | @aA841@v4 | |
| 701 | 0 | @a李达@f(1890~1966)@Ali da@4著 |
| 801 | 0 | @aCN@bNLC |
| 905 | @a10447@dA841@eJY18 | |
| 《矛盾论》解说/李达著 .-2版 .-北京:三联书店,1978 |
| 224页;19cm |
| ISBN :CNY0.45 |
| ● |
| 相关链接 |
|
|
|
|
正题名:《矛盾论》解说
索取号:A841/JY18
 
预约/预借
| 序号 | 登录号 | 条形码 | 馆藏地/架位号 | 状态 | 备注 |
| 1 | 7804905 | 278049050 | 学院路分馆/ [索取号:A841/JY18] | 在馆 | |
| 2 | 7804906 | 278049069 | 学院路分馆/ [索取号:A841/JY18] | 在馆 |